000 00308nam a2200109Ia 4500
008 230907s9999||||xx |||||||||||||| ||und||
082 _a681.2
_bCLA
100 _aHeijden, Ferdinand van der.
_9115433
245 0 _aClassification, parameter estimation, and state estimation :
300 _a464 p.
942 _cBK
999 _c598395
_d598395